| 000 | 00941nam a2200289 i 4500 | ||
|---|---|---|---|
| 001 | bg | ||
| 003 | BPK | ||
| 005 | 20210622135325.0 | ||
| 008 | s1994 pl f f |000 0 pol | ||
| 020 | _a8386453036 | ||
| 040 | _cBPK | ||
| 080 | _a528 | ||
| 080 | _a711.4/.8 | ||
| 080 | _a(075.8) | ||
| 245 | 7 | 0 |
_aGeodezja i kartografia dla architektów : _bpraca zbiorowa / _cpod red. Stefana Przewłockiego ; Politechnika Łódzka. |
| 260 |
_aŁódż : _bWydaw. PŁ, _c1994. |
||
| 300 |
_a252 s., [10] s. tabl. : _brys., wykr. ; _c21 cm. |
||
| 504 | _aBibliogr. przy rozdz. | ||
| 650 | 4 | _aGeodezja | |
| 650 | 4 | _aUrbanistyka | |
| 650 | 4 | _aKartografia | |
| 655 | 4 | _aPodręczniki akademickie | |
| 658 | _aGeografia i nauki o Ziemi | ||
| 700 | 1 |
_aPrzewłocki, Stefan _d(1933- ) _eRedakcja |
|
| 856 |
_uhttp://koha.tu.koszalin.pl/cgi-bin/koha/opac-detail.pl?biblionumber=6716 _yKatalog online BPK |
||
| 942 |
_cKS _2UKD |
||
| 999 |
_c6716 _d6716 |
||